00513nam a2200157 a 4500007000300000008004100003040001200044041000800056044000800064082002300072245010300095260006700198300002800265650005500293852000700348ta200214t1961 xxka|||g |||| 00| 0 eng d aKObeng0 aeng axxk04223a523.8903bB82500aBrown's Star Atlas :bShowing All The Bright Stars How to Find And USE for Navigational Purposes / aGreat Britain :bGlasgow Brown, Son and Ferguson, Ltd.,c1961. a49 p. :bill. ;c29 cm. 0aGlobal Positioning SystemvHandbooks, manuals, etc aKO